Central Library OPAC University of Rajshahi

নাটোরের মহারাণী ভবানী : (Record no. 55696)

MARC details
000 -LEADER
fixed length control field 00979nam a2200229 a 4500
001 - CONTROL NUMBER
control field 55696
003 - CONTROL NUMBER IDENTIFIER
rucl marc code BD-RjUL
005 - DATE AND TIME OF LATEST TRANSACTION
control field 20211209080313.0
008 - FIXED-LENGTH DATA ELEMENTS--GENERAL INFORMATION
fixed length control field 161121s1988 bg ||||| |||| 00| 0 ben d
020 ## - INTERNATIONAL STANDARD BOOK NUMBER
Terms of availability : TK 70.00
035 ## - SYSTEM CONTROL NUMBER
System control number (BD-RjUL)55820
040 ## - CATALOGING SOURCE
Original cataloging agency BD-RjUL
Language of cataloging ben
Transcribing agency BD-RjUL
041 ## - LANGUAGE CODE
Language code of text/sound track or separate title ben
082 ## - DEWEY DECIMAL CLASSIFICATION NUMBER
Edition number 23
Classification number 954.924
Author mark and year RAN 1988
100 ## - MAIN ENTRY--PERSONAL NAME
Personal name রহমান, মোঃ মকসুদুর
9 (RLIN) 165883
245 10 - TITLE STATEMENT
Title নাটোরের মহারাণী ভবানী :
Remainder of title (ঐতিহাসিক পর্যালোচনা) /
Statement of responsibility, etc. মোঃ মকসুদুর রহমান
260 ## - PUBLICATION, DISTRIBUTION, ETC. (IMPRINT)
Place of publication, distribution, etc. ঢাকা :
Name of publisher, distributor, etc. হোসনে আরা রহমান,
Date of publication, distribution, etc. ১৯৮৮
300 ## - PHYSICAL DESCRIPTION
Pagination [১৪], ১৮৬, ২০, [১] পৃ . ;
Size ২১ সেমি.
Illustrations চিত্র
651 ## - SUBJECT ADDED ENTRY--GEOGRAPHIC NAME
Geographic name বাংলাদেশ
Geographic subdivision নাটোর জেলা
General subdivision ইতিহাস
9 (RLIN) 117733
Geographic name Bangladesh
Geographic subdivision Natore District
General subdivision History
9 (RLIN) 117734
942 ## - ADDED ENTRY ELEMENTS (KOHA)
Source of classification or shelving scheme Dewey Decimal Classification
Koha item type Books
Holdings
Lost status Source of classification or shelving scheme Damaged status Not for loan Collection code Permanent Location Current Location Shelving location Date acquired Source of acquisition Cost, normal purchase price Total Checkouts Full call number Date last seen Copy number Koha item type Date checked out
  Dewey Decimal Classification     Non-fiction Central Library, University of Rajshahi Central Library, University of Rajshahi   17/04/1990 Mokosudur Rahman, 70.00   B 954.924 RAN 1988 21/11/2016 C-2 Books  
  Dewey Decimal Classification   Not For Loan Non-fiction Central Library, University of Rajshahi Central Library, University of Rajshahi Reading Room 26/12/1988 The Author 70.00   B 954.924 RAN 1988 29/11/2021 C-1 Books  
  Dewey Decimal Classification     Non-fiction Central Library, University of Rajshahi Central Library, University of Rajshahi   26/12/1988 The Author 70.00 2 B 954.924 RAN 1988 18/05/2022 C-3 Books 24/04/2022
  Dewey Decimal Classification     Non-fiction Central Library, University of Rajshahi Central Library, University of Rajshahi   17/04/1990 The Author 70.00   B 954.924 RAN 1988 29/11/2021 C-4 Books  
  Dewey Decimal Classification     Non-fiction Central Library, University of Rajshahi Central Library, University of Rajshahi   17/04/1990 The Author 70.00   B 954.924 RAN 1988 29/11/2021 C-5 Books  
  Dewey Decimal Classification     Non-fiction Central Library, University of Rajshahi Central Library, University of Rajshahi General Stacks 17/04/1990 মোঃ মকসুদুর রহমান,লেখক ,রাঃবিঃ 70.00   B 954.924 RAN 1988 23/08/2022 C-6 Books